Introduction to Physical Education-XII (Record no. 11084)
[ view plain ]
| 000 -LEADER | |
|---|---|
| fixed length control field | 00312nam a22000977a 4500 |
| 008 - FIXED-LENGTH DATA ELEMENTS--GENERAL INFORMATION | |
| fixed length control field | 180824b ||||| |||| 00| 0 eng d |
| 020 ## - INTERNATIONAL STANDARD BOOK NUMBER | |
| International Standard Book Number | 9788177395259 |
| 100 ## - MAIN ENTRY--PERSONAL NAME | |
| Personal name | Sharma Dev Vyas,etal. |
| 9 (RLIN) | 6858 |
| 245 ## - TITLE STATEMENT | |
| Title | Introduction to Physical Education-XII |
| Remainder of title | Part-A Theory |
| 260 ## - PUBLICATION, DISTRIBUTION, ETC. (IMPRINT) | |
| Place of publication, distribution, etc. | New Delhi |
| Name of publisher, distributor, etc. | Avichal Publishing Company |
| Date of publication, distribution, etc. | 2018 |
| Withdrawn status | Lost status | Source of classification or shelving scheme | Damaged status | Koha normalized classification for sorting | Not for loan | Home library | Current library | Shelving location | Date acquired | Total Checkouts | Full call number | Barcode | Date last seen | Date last checked out | Price effective from | Koha item type |
|---|---|---|---|---|---|---|---|---|---|---|---|---|---|---|---|---|
| Dewey Decimal Classification | 372_860000000000000 | Good Samaritan School Library | Good Samaritan School Library | PHYSICAL EDUCATION | 08/24/2018 | 4 | 372.86 | SHA15058 | 03/11/2022 | 02/07/2022 | 08/24/2018 | BOOK |